Kontrola regulovaných informácií pomocou metód strojového učenia

Salvato in:
Dettagli Bibliografici
Autore principale: Šmátrala, Denis (Autore)
Altri autori: Andicsová, Vanesa (Relatore della tesi)
Natura: Manoscritto Libro
Lingua:slovacco
Pubblicazione: Bratislava : STU v Bratislave FEI, 2022
Soggetti:
Accesso online:https://opac.crzp.sk/?fn=detailBiblioFormChildIFO71&sid=7E432E204D1F6C329C58833802D8&seo=CRZP-detail-kniha
Tags: Aggiungi Tag
Nessun Tag, puoi essere il primo ad aggiungerne!!

MARC

LEADER 00000ntm a22000003a 4500
001 stuzp82313
003 SK-STU
005 20230213112350.2
007 ta
008 150427s2015----xo-----f-mn---000-0-slo-d
040 |a STU  |b slo 
041 0 |a slo 
044 |a xo 
100 1 |a Šmátrala, Denis  |u 035000  |4 aut  |U FEI Fakulta elektrotechniky a informatiky  |T FEI Ústav informatiky a matematiky  |X 80233  |U E050  |Y 816  |7 80233 
242 0 1 |a Monitoring of regulated information using machine learning methods  |y eng 
245 1 0 |a Kontrola regulovaných informácií pomocou metód strojového učenia 
260 |a Bratislava :  |b STU v Bratislave FEI,  |c 2022 
300 |a 72 s., príl. 
650 4 |a vyhľadávanie kľúčových slov  |2 slo 
650 4 |a spracovanie prirodzeného jazyka  |2 slo 
650 4 |a optické rozoznávanie textu  |2 slo 
650 4 |a natural language processing  |2 eng 
650 4 |a optical character recognition  |2 eng 
650 4 |a keyword search  |2 eng 
700 1 |a Andicsová, Vanesa  |u 035000  |k Z3  |4 ths  |U FEI Fakulta elektrotechniky a informatiky  |T FEI Ústav informatiky a matematiky  |X 80271  |U E050  |Y 816  |7 80271 
856 4 |u https://opac.crzp.sk/?fn=detailBiblioFormChildIFO71&sid=7E432E204D1F6C329C58833802D8&seo=CRZP-detail-kniha